000 00806cai a22001935a 4500
001 L146062
008 081205u xxu g 000 0 eng d
035 _a(Sirsi) u146062
041 0 _aeng
110 2 _aRSMeans
_95664
245 0 0 _aCost data products
_h[electronic resource]
520 _aSection of RSMeans website, an American provider of construction cost information. Provides construction costs and city cost indexes, productivity rates, contractor's rates for the United States. Data available on book, on CD-ROM and online.
590 _aKA
650 2 4 _aBUILDING COST INDEX
651 4 _aUnited States
_y1959-
690 _aBUILT ENVIRONMENT-BUILDING COSTS
856 4 0 _uhttps://www.rsmeans.com/costdata/index.asp
_zView the microsite free of charge online at www.rsmeans.com...
942 _n0
999 _c120746
_d120746